Introduction to non-Euclidean geometry / (Record no. 1979)
[ view plain ]
| 000 -LEADER | |
|---|---|
| fixed length control field | 00944cam a2200313 i 4500 |
| 001 - CONTROL NUMBER | |
| control field | 174662 |
| 005 - DATE AND TIME OF LATEST TRANSACTION | |
| control field | 20250725110022.0 |
| 008 - FIXED-LENGTH DATA ELEMENTS--GENERAL INFORMATION | |
| fixed length control field | 830817s1945 nyua b 001 0 eng d |
| 020 ## - INTERNATIONAL STANDARD BOOK NUMBER | |
| Cancelled/invalid ISBN | 0295130115 |
| 035 ## - SYSTEM CONTROL NUMBER | |
| System control number | (OCoLC)220353106 |
| 035 ## - SYSTEM CONTROL NUMBER | |
| System control number | (OCoLC)ocn220353106 |
| 035 ## - SYSTEM CONTROL NUMBER | |
| System control number | (CStRLIN)NYCG83-B50033 |
| 035 ## - SYSTEM CONTROL NUMBER | |
| System control number | (NNC)174662 |
| 040 ## - CATALOGING SOURCE | |
| Original cataloging agency | csf |
| Modifying agency | BSU |
| -- | NNC |
| 082 ## - DEWEY DECIMAL CLASSIFICATION NUMBER | |
| Edition number | 19 |
| Classification number | 516 |
| Item number | WOL |
| 090 ## - LOCALLY ASSIGNED LC-TYPE CALL NUMBER (OCLC); LOCAL CALL NUMBER (OCLC) | |
| Classification number (OCLC) (R) ; Classification number, CALL (RLIN) (NR) | QA685 |
| Local cutter number (OCLC) ; Book number/undivided call number, CALL (RLIN) | .W6 1945b |
| 100 1# - MAIN ENTRY--PERSONAL NAME | |
| Personal name | Wolfe, Harold Eichholtz. |
| 9 (RLIN) | 4156 |
| 245 10 - TITLE STATEMENT | |
| Title | Introduction to non-Euclidean geometry / |
| Statement of responsibility, etc | by Harold E. Wolfe. |
| 260 ## - PUBLICATION, DISTRIBUTION, ETC. (IMPRINT) | |
| Place of publication, distribution, etc | New York : |
| Name of publisher, distributor, etc | Holt, |
| Date of publication, distribution, etc | c1945. |
| 300 ## - PHYSICAL DESCRIPTION | |
| Extent | xiii, 247 p. : |
| Other physical details | ill. ; |
| Dimensions | 22 cm. |
| 500 ## - GENERAL NOTE | |
| General note | Prelim. ed. published 1941. |
| 500 ## - GENERAL NOTE | |
| General note | "A Holt-Dryden book." |
| 504 ## - BIBLIOGRAPHY, ETC. NOTE | |
| Bibliography, etc | Includes bibliographical references and index. |
| 650 #0 - SUBJECT ADDED ENTRY--TOPICAL TERM | |
| Topical term or geographic name as entry element | Geometry, Non-Euclidean. |
| 9 (RLIN) | 4157 |
| 650 #0 - SUBJECT ADDED ENTRY--TOPICAL TERM | |
| Topical term or geographic name as entry element | Geometry, Non-Euclidean |
| General subdivision | History. |
| 9 (RLIN) | 4158 |
| 658 ## - INDEX TERM--CURRICULUM OBJECTIVE | |
| Main curriculum objective | Mathematics |
| 942 ## - ADDED ENTRY ELEMENTS (KOHA) | |
| Source of classification or shelving scheme | Dewey Decimal Classification |
| Item type | Books |
| Withdrawn status | Lost status | Source of classification or shelving scheme | Damaged status | Not for loan | Collection code | Home library | Current library | Shelving location | Date acquired | Source of acquisition | Inventory number | Total Checkouts | Full call number | Barcode | Date last seen | Copy number | Price effective from | Koha item type | Public note |
|---|---|---|---|---|---|---|---|---|---|---|---|---|---|---|---|---|---|---|---|
| Dewey Decimal Classification | Main Library | Main Library | Open Shelves | 21/02/2009 | Donation | 20094 | 516 WOL | bsu25071558 | 21/02/2013 | 001 | 21/02/2013 | Books | Material available in hard copy |